|
|
|
|
| LEADER |
00000naa2a2200000 4500 |
| 001 |
207735 |
| 005 |
20231031191240.0 |
| 035 |
|
|
|a (RuTPU)RU\TPU\book\226676
|
| 035 |
|
|
|a RU\TPU\book\226673
|
| 090 |
|
|
|a 207735
|
| 100 |
|
|
|a 20120127d1969 k y0rusy50 ca
|
| 101 |
0 |
|
|a rus
|
| 102 |
|
|
|a RU
|
| 200 |
1 |
|
|a Статистический анализ результатов измерения освечивания импульсных ламп
|f А. С. Дойников, В. К. Пахомов
|
| 225 |
1 |
|
|a Исследование импульсных ламп и явлений в импульсном разряде
|
| 461 |
|
0 |
|0 (RuTPU)RU\TPU\book\226521
|t Импульсная фотометрия
|o [сборник статей]
|f Государственный оптический институт им. С. И. Вавилова ; под ред. А. А. Волькенштейна
|d 1969-
|
| 463 |
|
0 |
|0 (RuTPU)RU\TPU\book\226523
|t Вып. 1
|v С. 129-132
|d 1969
|p 152 с.
|
| 700 |
|
1 |
|a Дойников
|b А. С.
|
| 701 |
|
1 |
|a Пахомов
|b В. К.
|
| 801 |
|
1 |
|a RU
|b 63413507
|c 20120127
|
| 801 |
|
2 |
|a RU
|b 63413507
|c 20120127
|g RCR
|
| 942 |
|
|
|c BK
|